000 00579nam 22001573 4500
001 32696
090 _a32696
100 _a20260407d1997 u||y0pory50 ba
101 _aeng
102 _aBE
200 _aEvaluation of demersal resources of southwest europe from standardised groundfish surveys
_eFinal report to the Commission of European Communities Contran«ct Ref.: DG X IV Study contract 96-0529
210 _aBélgica, Bruxelas
_cComissão Europeia
_d1997
215 _a195, [34], [10] p.
_cil.
_d31 cm
300 _aNota: Sesits project
345 _dOferta
710 _aComissão Europeia